书目信息 |
| 题名: |
当代给水与废水处理原理讲义
|
|
| 作者: | 许保玖 编著 | |
| 分册: | ||
| 出版信息: | 北京 清华大学出版社 1983.08 |
|
| 页数: | 267页 | |
| 开本: | 16开 | |
| 丛书名: | ||
| 单 册: | ||
| 中图分类: | X703 | |
| 科图分类: | ||
| 主题词: | 废物 , 废物处理 , 废物综合利用 | |
| 电子资源: | ||
| ISBN: | ||
| 000 | 00613nam0 2200217 45 | |
| 001 | 0006121072 | |
| 005 | 20000612114015.6 | |
| 010 | @d2.15元 | |
| 100 | @a20000612d1983 km y0chiy0120 ea | |
| 101 | 0 | @achi |
| 105 | @a z 000yy | |
| 200 | 1 | @a当代给水与废水处理原理讲义@ADang Dai Gei Shui Yu Fei Shui Chu Li Yuan Li Jiang Yi@f许保玖编著@FXu Bao Jiu Bian Zhu |
| 210 | @a北京@c清华大学出版社@d1983.08 | |
| 215 | @a267页@d16开 | |
| 606 | 0 | @a废物 |
| 606 | 0 | @a废物处理 |
| 606 | 0 | @a废物综合利用 |
| 690 | @aX703@v3 | |
| 701 | 0 | @a许保玖@4编著 |
| 801 | @aCN@bPftUser@c20000612 | |
| 905 | @dX703@eX339@b205084@f1 | |
| 当代给水与废水处理原理讲义/许保玖编著.-北京:清华大学出版社,1983.08 |
| 267页;16开 |
| ISBN :2.15元 |
| ● |
| 相关链接 |
|
|
|
正题名:当代给水与废水处理原理讲义
索取号:X703/X339
 
预约/预借
| 序号 | 登录号 | 条形码 | 馆藏地/架位号 | 状态 | 备注 |
| 1 | 205084 | 202050840 | 自科二线504/504自科库 32排4列5层/ [索取号:X703/X339] | 在馆 |